|
|
|
|
| LEADER |
01066nam a22002417a 4500 |
| 001 |
38760 |
| 003 |
BD-DhAAL |
| 008 |
220725t2017 bg ||||| |||| 00| 0 ben d |
| 999 |
|
|
|c 44640
|d 44640
|
| 020 |
|
|
|a 9789849153115
|
| 040 |
|
|
|a BD-DhAAL
|c BD-DhAAL
|
| 041 |
|
|
|a ben
|
| 082 |
|
|
|a 320.10924
|
| 245 |
|
|
|a প্লেটোর রিপাবলিক-এর ভূমিকা /
|c আমিনুল ইসলাম ভুইয়া
|
| 246 |
|
|
|a Introduction to Plato's republic
|
| 260 |
|
|
|a ঢাকা :
|b পাঠক সমাবেশ,
|c ২০১৭.
|
| 300 |
|
|
|a ৩৭২ পৃষ্ঠা ;
|c ২২ সে.মি.
|
| 541 |
|
|
|a Donated By Akbar Ali Khan
|e 38760
|
| 650 |
|
|
|a Political science
|v Early works to 1800.
|9 49461
|
| 700 |
|
|
|a ভুইয়া, আমিনুল ইসলাম
|9 49462
|
| 852 |
|
|
|a Ayesha Abed Library
|c Akbar Ali Khan Collection
|
| 942 |
|
|
|2 ddc
|c BK
|
| 952 |
|
|
|0 0
|1 0
|2 ddc
|4 0
|6 320_109240000000000_PLA
|7 1
|9 71329
|a BRACUL
|b BRACUL
|c AAKC
|d 2022-07-25
|e Donated by Akbar Ali Khan
|l 0
|o 320.10924 PLA
|p 3010038760
|r 2022-07-25
|t 1
|w 2022-07-25
|y BK
|